00580cam a2200193 4500001001300000003000400013005001700017008004100034010002200075025002000097050002000117082001400137110007000151245005100221260002000272300003200292651004500324999001700369sa 68015893 DLC20260227112649.0700630s1968 ii a s 00000 eng  asa 68015893 //r85 aPL480:I-E-104210 aHC437.M28bA572 a338.954/310aMadhya Pradesh (India).bDirectorate of Economics and Statistics.10aThird five year plan progress report, 1961-66.1 a[Bhopal,c1968] aiii, 411 p.billus.c25 cm. 0aMadhya Pradesh (India)xEconomic policy. c86770d86770